Latin American Actors and Actresses by Picture - Statistics

General Stats
  • This quiz has been taken 44 times
  • The average score is 6 of 16
Answer Stats
Picture Answer % Correct
Pedro Pascal
82%
Salma Hayek
82%
Sofía Vergara
82%
Ana de Armas
62%
Oscar Isaac
59%
Andy García
56%
Diego Luna
33%
Gael García Bernal
33%
John Leguizamo
31%
Morena Baccarin
26%
Wagner Moura
23%
Jordana Brewster
21%
Alice Braga
10%
Eiza González
10%
Rodrigo Santoro
8%
Kate del Castillo
5%
No matching quizzes found
Score Distribution
Percent of People with Each Score
Percentile by Number Answered
Your Score History
You have not taken this quiz